Symmetry : an introduction to group theory and its applications /
Guardado en:
| Autor Principal: | |
|---|---|
| Formato: | Libro |
| Idioma: | English |
| Publicado: |
Oxford :
Pergamon Press : [distributed in the Western Hemisphere by Macmillan],
1963.
|
| Series: | International encyclopedia of physical chemistry and chemical physics. Mathematical techniques ;
v. 3. |
| Materias: | |
| Etiquetas: |
Agregar Etiqueta
Sin Etiquetas, Sea el primero en etiquetar este registro!
|
| LEADER | 01174cam a22002295a 4500 | ||
|---|---|---|---|
| 001 | MAT.inmabb002712 | ||
| 008 | 831128s1963####enka#####b####001#0#eng## | ||
| 005 | 20110907144306.0 | ||
| 245 | 1 | 0 | |a Symmetry : |b an introduction to group theory and its applications / |c by R. McWeeny. |
| 260 | |a Oxford : |b Pergamon Press : |b [distributed in the Western Hemisphere by Macmillan], |c 1963. | ||
| 300 | |a xiv, 248 p. : |b il. ; |c 26 cm. | ||
| 440 | 0 | |a International encyclopedia of physical chemistry and chemical physics. |n Topic 1, |p Mathematical techniques ; |v v. 3. | |
| 504 | |a Incluye referencias bibliográficas. | ||
| 505 | 0 | |a 1. Groups -- 2. Lattices and vector spaces -- 3. Point and space groups -- 4. Representations of point and translation groups -- 5. Irreducible representations -- 6. Applications involving algebraic forms -- 7. Applications involving functions and operators -- 8. Applications involving tensors and tensor operators. | |
| 510 | 4 | |a MR, |c 37 #286 | |
| 100 | 1 | |a McWeeny, R. | |
| 650 | 0 | |a Group theory. | |
| 650 | 0 | |a Symmetry (Physics) | |
| 084 | |a 20-01 (81) |2 msc2000 | ||
| 010 | |a 63010017 | ||
| 040 | |a DLC/ICU |c ICU |d DLC | ||
| 859 | |h 20 |i M177 |p A-5169 |b BIB. MATEMATICA | ||
